Readings in late antiquity : a sourcebook

Αποθηκεύτηκε σε:
Λεπτομέρειες βιβλιογραφικής εγγραφής
Κύριος συγγραφέας: Maas, Michael 1951-
Μορφή: Βιβλίο
Γλώσσα:English
Δημοσίευση: London : Routledge, 2000
Θέματα:
Ετικέτες: Προσθήκη ετικέτας
Δεν υπάρχουν, Καταχωρήστε ετικέτα πρώτοι!

MARC

LEADER 00000nam a2200000 i 4500
001 1/102236
008 090306s2000 eng d
020 |a 0-415-15987-3 (hbk.) 
035 |l 10103579 
040 |a GR-MY-UA  |b gre  |e aacr 
041 0 |a eng 
082 0 |a 937.06  |2 (22) 
100 1 |a Maas, Michael  |d 1951- 
245 1 0 |a Readings in late antiquity :  |b a sourcebook /  |c Michael Maas 
260 |a London :   |b Routledge,   |c 2000 
300 |a lxviii, 375 σ.;  |b χάρτες;  |c 24 εκ. 
504 |a Περιέχει βιβλιογραφικές παραπομπές και ευρετήρια 
651 0 |a Rome  |x History  |y Empire, 284-476  |x Sources. 
651 0 |a Byzantine Empire  |x Civilization  |y To 527  |x Sources. 
651 0 |a Byzantine Empire  |x Civilization  |y 527-1081  |x Sources. 
852 |a INST  |b LESVOS  |e 20090306  |h 937.06 MAA  |p 005100043843  |q 005100043843  |t BK  |y 0 
901 |a BIBL1-2009-1 
909 |a Λ  |b 154232 
922 |a 1ΕΛΗ  |b 200809  |c ΕΠΕΑΕΚ2/ΤΚΑ  |d ΜΙΧΑΛΟΠΟΥΛΟΣ 
970 |a ΓΙΑΛΑΜΑ  |b ΜΑΡΙΑ  |z 2009/03/06